LDR 01038naa#a2200181#i#450# 001 RU\\bibl\113313 005 20260704174307.6 011 ## _a1819-4036 100 ## _a20260601b2026####ek#y0rusy0150####ca 102 ## _aRU 200 1# _aВЛИЯНИЕ ЛАКТУЛОЗОСОДЕРЖАЩЕЙ ПРЕБИОТИЧЕСКОЙ КОРМОВОЙ ДОБАВКИ «ВЕТЕЛАКТ» НА ПЕРЕВАРИМОСТЬ ПИТАТЕЛЬНЫХ ВЕЩЕСТВ У КРОЛИКОВ КАЛИФОРНИЙСКОЙ ПОРОДЫ _eЖурнальная статья 210 1# _aКрасноярск _cКрасноярский государственный аграрный университет _d2026 215 ## _a13 с. 608 ## _aЖурнальная статья _2local 675 ## _aСельское хозяйство. Лесное хозяйство. Охота. Рыбное хозяйство. 63 _aКролики. 636.92 _z 700 #1 _aЛефлер _gТамара Федоровна 700 #1 _aАгейкин _gАртем Геннадьевич 856 4# _avestnik.kgau.ru _u